Knots and Physics

Αποθηκεύτηκε σε:
Λεπτομέρειες βιβλιογραφικής εγγραφής
Κύριος συγγραφέας: Kauffman, Louis H. 1945-
Μορφή: Βιβλίο
Γλώσσα:English
Δημοσίευση: Singapore : World Scientific, c1993
Έκδοση:2nd ed.
Σειρά:K & E series on knots and everything ; ; 1
Θέματα:
Ετικέτες: Προσθήκη ετικέτας
Δεν υπάρχουν, Καταχωρήστε ετικέτα πρώτοι!

MARC

LEADER 00000nam a2200000 i 4500
001 1/62179
008 960222s1993 eng d
020 |a 981-02-1658-0 
035 |a 1995  |c ΦΛΕΣΣΑΣ  |l 10046565 
040 |a GR-MY-UA  |b gre  |e aacr 
041 0 |a eng 
082 0 |a 514.224 
100 1 |a Kauffman, Louis H.  |d 1945- 
245 1 0 |a Knots and Physics /  |c Louis H.Kauffman 
250 |a 2nd ed. 
260 |a Singapore :   |b World Scientific,   |c c1993 
300 |a 721 p.;  |c 22 cm. 
490 1 |a K & E series on knots and everything  |v ; 1 
500 |a Includes references 
650 0 0 |a Knot polynomials. 
650 0 0 |a Mathematical physics. 
830 0 |a K & E series on knots and everything ;  |v ; 1 
852 |a INST  |b SAMOS  |e 19960222  |h 514.224 KAU  |p 005300004703  |q 005300004703  |t BK  |y 4  |x 20200224 
909 |a Σ  |b 040514